Fundamentals of American Government : (Record no. 7370)
[ view plain ]
| 000 -LEADER | |
|---|---|
| fixed length control field | 01130cam a2200289 4500 |
| 001 - CONTROL NUMBER | |
| control field | 7370 |
| 003 - CONTROL NUMBER IDENTIFIER | |
| rucl marc code | BD-RjUL |
| 005 - DATE AND TIME OF LATEST TRANSACTION | |
| control field | 20211208234415.0 |
| 008 - FIXED-LENGTH DATA ELEMENTS--GENERAL INFORMATION | |
| fixed length control field | 140113s1957 ctua b 001 0 eng |
| 035 ## - SYSTEM CONTROL NUMBER | |
| System control number | (BD-RjUL)7413 |
| 040 ## - CATALOGING SOURCE | |
| Original cataloging agency | DLC |
| Transcribing agency | DLC |
| Modifying agency | DLC |
| -- | BD-RjUL |
| Language of cataloging | eng |
| 041 ## - LANGUAGE CODE | |
| Language code of text/sound track or separate title | eng |
| 082 00 - DEWEY DECIMAL CLASSIFICATION NUMBER | |
| Classification number | 320.473 |
| Author mark and year | GOF 1957 |
| 100 1# - MAIN ENTRY--PERSONAL NAME | |
| Personal name | Gosnell, Cullen Bryant. |
| 9 (RLIN) | 23026 |
| 245 00 - TITLE STATEMENT | |
| Title | Fundamentals of American Government : |
| Remainder of title | national, State, and local / |
| Statement of responsibility, etc. | [by] Cullen B. Gosnell, Lane W. Lancaster [and] Robert S. Rankin. |
| 260 ## - PUBLICATION, DISTRIBUTION, ETC. (IMPRINT) | |
| Place of publication, distribution, etc. | New York : |
| Name of publisher, distributor, etc. | McGraw-Hill, |
| Date of publication, distribution, etc. | c1957 |
| 300 ## - PHYSICAL DESCRIPTION | |
| Pagination | vii, 603 p. : |
| Illustrations | illus. ; |
| Size | 24 cm. |
| 500 ## - GENERAL NOTE | |
| General note | First published in 1955 under title: Fundamentals of American national government. |
| 504 ## - BIBLIOGRAPHY, ETC. NOTE | |
| Bibliography, etc | Includes bibliographies & Index. |
| 651 #0 - SUBJECT ADDED ENTRY--GEOGRAPHIC NAME | |
| Geographic name | United States |
| General subdivision | Politics and government |
| -- | Handbooks, manuals, etc. |
| 9 (RLIN) | 13840 |
| 700 1# - ADDED ENTRY--PERSONAL NAME | |
| Personal name | Lancaster, Lane W., |
| Dates associated with a name | 1892- |
| Relator term | joint author. |
| Personal name | Rankin, Robert S. |
| Fuller form of name | (Robert Stanley), |
| Dates associated with a name | 1899- |
| Relator term | joint author. |
| 942 ## - ADDED ENTRY ELEMENTS (KOHA) | |
| Source of classification or shelving scheme | Dewey Decimal Classification |
| Koha item type | Books |
| Lost status | Source of classification or shelving scheme | Damaged status | Not for loan | Collection code | Permanent Location | Current Location | Shelving location | Date acquired | Source of acquisition | Cost, normal purchase price | Total Checkouts | Full call number | Date last seen | Copy number | Koha item type |
|---|---|---|---|---|---|---|---|---|---|---|---|---|---|---|---|
| Dewey Decimal Classification | Not For Loan | Non-fiction | Central Library, University of Rajshahi | Central Library, University of Rajshahi | 13/01/2014 | Zitlinger | 50.60 | 320.473 GOF 1957 | 13/01/2014 | C-1 | Books | ||||
| Dewey Decimal Classification | Non-fiction | Central Library, University of Rajshahi | Central Library, University of Rajshahi | 09/06/1964 | Zeitlinger | 54.00 | 320.473 GOF 1957 | 21/08/2016 | C-3 | Books |